|
|
|
|
| LEADER |
00000nas a22000007a 4500 |
| 001 |
ssj0041454 |
| 003 |
WaSeSS |
| 005 |
20200512172242.0 |
| 006 |
m d |
| 007 |
cr n |
| 008 |
050317c20059999nz qr pss 0 a0eng c |
| 010 |
|
|
|a 2005213375
|
| 022 |
|
|
|a 1555-175X
|y 1555-1741
|
| 035 |
|
|
|a (WaSeSS)ssj0041454
|
| 037 |
|
|
|b Core Medical Publishing, 1450 Boradway, 20th Floor, New York, NY 10018
|
| 040 |
|
|
|a NSD
|b eng
|c NSD
|d LGG
|d DLC
|d OCLCQ
|d OCLCF
|d CUS
|d OCLCO
|d EUW
|d OCLCO
|d OCLCQ
|d BUF
|d MOW
|d UEJ
|d WaSeSS
|
| 042 |
|
|
|a pcc
|a nsdp
|
| 050 |
1 |
4 |
|a R723.7
|
| 060 |
0 |
0 |
|a W1
|b CO8593S
|
| 082 |
1 |
0 |
|a 616
|2 14
|
| 130 |
0 |
|
|a Core evidence (Online)
|
| 210 |
0 |
|
|a Core evid.
|b (Online)
|
| 222 |
|
0 |
|a Core evidence
|b (Online)
|
| 245 |
1 |
0 |
|a Core evidence
|h [electronic resource].
|
| 260 |
|
|
|3 2005-2008 :
|a New York, N.Y. :
|b Core Medical Pub.
|
| 260 |
3 |
|
|3 2009- :
|a Auckland, NZ :
|b Dove Medical Press
|
| 310 |
|
|
|a Quarterly
|
| 362 |
1 |
|
|a Began with vol. 1, no. 1 (Mar. 2005).
|
| 506 |
|
|
|a License restrictions may limit access.
|
| 538 |
|
|
|a Mode of access: World Wide Web.
|
| 588 |
|
|
|a Description based on: Vol. 1, no. 1 (Mar. 2005); title from title screen (Ingentaconnect, viewed Apr. 23, 2010).
|
| 588 |
|
|
|a Latest issue consulted: Vol. 2, no. 4 (July 2008) (Core Medical Pub., viewed May 4, 2010).
|
| 650 |
|
0 |
|a Evidence-based medicine
|v Periodicals.
|
| 650 |
|
0 |
|a Chemotherapy
|v Periodicals.
|
| 650 |
|
0 |
|a Outcome assessment (Medical care)
|v Periodicals.
|
| 650 |
|
7 |
|a Chemotherapy.
|2 fast
|0 (OCoLC)fst00853595
|
| 650 |
|
7 |
|a Evidence-based medicine.
|2 fast
|0 (OCoLC)fst00917247
|
| 650 |
|
7 |
|a Outcome assessment (Medical care)
|2 fast
|0 (OCoLC)fst01049109
|
| 650 |
1 |
2 |
|a Evidence-Based Medicine
|v Periodicals.
|
| 650 |
2 |
2 |
|a Drug Therapy
|v Periodicals.
|
| 650 |
2 |
2 |
|a Outcome Assessment (Health Care)
|v Periodicals.
|
| 655 |
|
0 |
|a Electronic journals.
|
| 776 |
1 |
|
|t Core evidence
|x 1555-1741
|w (DLC) 2005213374
|w (OCoLC)58523439
|
| 856 |
4 |
0 |
|z Full text available from Research Library: 01/01/2005 to present
|u https://search.proquest.com/publication/3933175
|